[Event "Portugal Open 2018"]
[Site "Lisboa POR"]
[Date "2018.02.04"]
[Round "3.5"]
[White "Luch, Michal"]
[Black "Indjic, Aleksandar"]
[Result "0-1"]
[BlackElo "2612"]
[WhiteElo "2396"]
[LiveChessVersion "1.4.8"]

1. e4 {[%clk 1:31:58]} c5 {[%clk 1:31:39]} 2. Nf3 {[%clk 1:31:58]} d6
{[%clk 1:31:39]} 3. d4 {[%clk 1:31:58]} cxd4 {[%clk 1:31:39]} 4. Nxd4
{[%clk 1:31:58]} Nf6 {[%clk 1:31:39]} 5. Nc3 {[%clk 1:31:58]} a6 {[%clk 1:31:39]}
6. Bg5 {[%clk 1:31:58]} e6 {[%clk 1:31:39]} 7. f4 {[%clk 1:31:58]} Qc7
{[%clk 1:31:39]} 8. Bxf6 {[%clk 1:31:58]} gxf6 {[%clk 1:31:39]} 9. Qf3
{[%clk 1:31:58]} Nc6 {[%clk 1:31:39]} 10. Rd1 {[%clk 1:31:58]} Nb8
{[%clk 1:27:57]} 11. Ra1 {[%clk 1:26:56]} Nc6 {[%clk 1:24:02]} 12. O-O-O
{[%clk 1:25:13]} h5 {[%clk 1:22:36]} 13. Nxc6 {[%clk 1:16:53]} bxc6
{[%clk 1:22:42]} 14. f5 {[%clk 1:16:24]} exf5 {[%clk 1:04:38]} 15. exf5
{[%clk 1:13:03]} d5 {[%clk 1:05:00]} 16. Bd3 {[%clk 1:09:03]} Bd6
{[%clk 1:04:48]} 17. h4 {[%clk 1:01:51]} Be5 {[%clk 1:04:00]} 18. Ne2
{[%clk 0:50:32]} Bb7 {[%clk 0:52:15]} 19. g4 {[%clk 0:46:12]} c5 {[%clk 0:52:35]}
20. c3 {[%clk 0:42:30]} Rb8 {[%clk 0:49:07]} 21. Rhe1 {[%clk 0:34:56]} Qb6
{[%clk 0:40:27]} 22. Rd2 {[%clk 0:33:16]} hxg4 {[%clk 0:33:51]} 23. Qxg4
{[%clk 0:33:31]} Kf8 {[%clk 0:32:37]} 24. Bc2 {[%clk 0:24:03]} Bc6
{[%clk 0:30:44]} 25. Bd1 {[%clk 0:21:07]} Rg8 {[%clk 0:22:44]} 26. Qh5
{[%clk 0:20:56]} Rg2 {[%clk 0:22:14]} 27. Qh6+ {[%clk 0:19:56]} Ke7
{[%clk 0:22:24]} 28. Nd4 {[%clk 0:15:43]} cxd4 {[%clk 0:21:08]} 29. cxd4
{[%clk 0:07:53]} Rxd2 {[%clk 0:20:37]} 30. Qxd2 {[%clk 0:08:18]} Kd6
{[%clk 0:16:54]} 31. dxe5+ {[%clk 0:08:31]} fxe5 {[%clk 0:17:17]} 32. h5
{[%clk 0:06:40]} Qb4 {[%clk 0:15:51]} 33. Qxb4+ {[%clk 0:05:58]} Rxb4
{[%clk 0:16:14]} 34. Rh1 {[%clk 0:06:24]} d4 {[%clk 0:16:30]} 35. Rh4
{[%clk 0:05:52]} Rb8 {[%clk 0:16:42]} 36. h6 {[%clk 0:05:09]} Rh8
{[%clk 0:15:51]} 37. h7 {[%clk 0:04:55]} f6 {[%clk 0:09:49]} 38. Rh6
{[%clk 0:04:18]} Ke7 {[%clk 0:09:36]} 39. Bb3 {[%clk 0:04:33]} e4
{[%clk 0:08:27]} 40. Be6 {[%clk 0:00:41]} e3 {[%clk 0:07:17]} 41. Kc2
{[%clk 0:00:36]} Be4+ {[%clk 0:07:33]} 42. Kd1 {[%clk 0:01:02]} Kd6
{[%clk 0:06:37]} 43. Rxf6 {[%clk 0:01:01]} Ke5 {[%clk 0:06:50]} 44. Rh6
{[%clk 0:00:49]} d3 {[%clk 0:06:58]} 45. Rh3 {[%clk 0:00:56]} Rxh7
{[%clk 0:07:10]} 46. Rxe3 {[%clk 0:01:04]} Kd4 {[%clk 0:07:31]} 47. Rg3
{[%clk 0:00:33]} Rh1+ {[%clk 0:07:22]} 48. Kd2 {[%clk 0:01:02]} Rh2+
{[%clk 0:07:42]} 49. Ke1 {[%clk 0:00:31]} Ke5 {[%clk 0:03:30]} 50. Bc4
{[%clk 0:00:48]} d2+ {[%clk 0:03:20]} 51. Kd1 {[%clk 0:01:14]} Kf4
{[%clk 0:03:43]} 52. Rc3 {[%clk 0:00:32]} Bf3+ {[%clk 0:03:59]} 53. Rxf3+
{[%clk 0:00:48]} Kxf3 {[%clk 0:04:22]} 54. Kc2 {[%clk 0:00:32]} Ke3
{[%clk 0:04:45]} 55. Bd5 {[%clk 0:00:37]} d1=Q+ {[%clk 0:04:22]} 0-1